Normal view
MARC view
- Potter, Patricia Ann,
Entry Personal Name
001 - CONTROL NUMBER
- control field: 1524
003 - CONTROL NUMBER IDENTIFIER
- control field: URS
005 - DATE AND TIME OF LATEST TRANSACTION
- control field: 20250909131447.0
008 - FIXED-LENGTH DATA ELEMENTS
- fixed length control field: 220601|| aca||aabn | a|a d
040 ## - CATALOGING SOURCE
- Original cataloging agency: URS
100 ## - HEADING--PERSONAL NAME
- Personal name: Potter, Patricia Ann,
- Relator term: author.